Programme d'un cours en sept leçons sur les phénomènes et les théories électriques / (Record no. 166748)

MARC details
000 -LEADER
campo de control de longitud fija 01068nam a22002295i 4500
001 - NÚMERO DE CONTROL
campo de control 166748
003 - IDENTIFICADOR DE NÚMERO DE CONTROL
campo de control ES-MaACL
005 - FECHA Y HORA DE LA ÚLTIMA TRANSACCIÓN
campo de control 20260113183006.0
008 - DATOS DE LONGITUD FIJA--INFORMACIÓN GENERAL
campo de control de longitud fija 990526s1871 fr |||| | fre d
040 ## - FUENTE DE CATALOGACIÓN
Centro catalogador/agencia de origen CYL
Lengua de catalogación spa
Centro/agencia transcriptor CYL
100 1# - ENTRADA PRINCIPAL--NOMBRE DE PERSONA
Nombre de persona Tyndall, John (
Fechas asociadas al nombre 1820-1893)
9 (RLIN) 133425
245 10 - MENCIÓN DEL TÍTULO
Título Programme d'un cours en sept leçons sur les phénomènes et les théories électriques /
Mención de responsabilidad, etc. par John Tyndall ; traduit de l'anglais par l'abbé Raillard ; revu par l'abbé Moigno.
260 ## - PUBLICACIÓN, DISTRIBUCIÓN, ETC.
Lugar de publicación, distribución, etc. Paris :
Nombre del editor, distribuidor, etc. Au bureau du journal Les Mondes :
-- et chez Gauthier-Villars, imprimeur-libraire,
Fecha de publicación, distribución, etc. 1871 (
Fabricante Imprimerie Walder)
300 ## - DESCRIPCIÓN FÍSICA
Extensión 92 p. ;
Dimensiones 18 cm.
490 1# - MENCIÓN DE SERIE
Mención de serie Actualités scientifiques / publiées par L'abbé Moigno
700 11 - ENTRADA AGREGADA--NOMBRE PERSONAL
Nombre de persona Raillard
Títulos y otros términos asociados al nombre , Abbé,
Término indicativo de función/relación
9 (RLIN) 131568
700 1# - ENTRADA AGREGADA--NOMBRE PERSONAL
Nombre de persona Moigno, François,
Fechas asociadas al nombre 1804-1884
9 (RLIN) 130010
830 0# - PUNTO DE ACCESO ADICIONAL DE SERIE-TÍTULO UNIFORME
Título uniforme Actualités scientifiques / publiées par M. L'Abbe Moigno
9 (RLIN) 222076
852 ## - LOCALIZACIÓN
Ubicación ES-MaACL
Número de control de estantería T-631-F-4
Nota libre -- Enc. hol., falto de la cub. original
-- -- Enc. en un vol. facticio
Holdings
Estatus retirado Estado de pérdida Estado de daño No para préstamo Colección Biblioteca de origen Biblioteca actual Ubicación en estantería Fecha de adquisición Total de préstamos Signatura topográfica completa Código de barras Visto por última vez Precio de reemplazo Tipo de ítem Koha
        Colección de folletos Biblioteca del Ateneo de Madrid Biblioteca del Ateneo de Madrid Depósito folletos 17/01/2008   T-631-F-4 1174883 23/02/2023 23/02/2023 Folleto